[Event "GBR-ch80"]
[Site "Dundee"]
[Date "1993.08.13"]
[Round "11"]
[White "Arkell, Keith C"]
[Black "Kumaran, Dharshan"]
[Result "0-1"]
[WhiteElo "2460"]
[BlackElo "2425"]
[PlyCount "65"]
[EventDate "1993.08.02"]
[EventType "swiss"]
[EventRounds "11"]
[EventCountry "GBR"]
[SourceTitle "BritBase"]
[Source "britbase.info"]
[SourceDate "2021.07.30"]
[SourceVersion "1"]
[SourceVersionDate "2021.07.30"]
[SourceQuality "1"]

1. d4 d5 2. Nf3 e6 3. c4 dxc4 4. e4 b5 5. a4 c6 6. b3 Bb4+ 7. Bd2 Bxd2+ 8. Qxd2
Nf6 9. e5 Ne4 10. Qe3 Qa5+ 11. Nfd2 Nxd2 12. Qxd2 Qxd2+ 13. Nxd2 c3 14. Ne4 b4
15. a5 Ba6 16. Ra4 Bxf1 17. Rxf1 Na6 18. Ke2 Ke7 19. Nc5 Nxc5 20. dxc5 Rab8 21.
Rd1 Rb5 22. Rd4 Rd8 23. Rxd8 Kxd8 24. Kd1 a6 25. f4 Ke7 26. g4 f6 27. h4 fxe5
28. fxe5 Kf7 29. h5 g6 30. Kc2 gxh5 31. gxh5 Kg7 32. Ra1 Rxc5 33. Rd1 0-1

[Event "GBR-ch80"]
[Site "Dundee"]
[Date "1993.08.13"]
[Round "11"]
[White "Bates, Richard"]
[Black "Murugan, Krishnamoorthy"]
[Result "1/2-1/2"]
[WhiteElo "2235"]
[BlackElo "2430"]
[PlyCount "121"]
[EventDate "1993.08.02"]
[EventType "swiss"]
[EventRounds "11"]
[EventCountry "GBR"]
[SourceTitle "BritBase"]
[Source "britbase.info"]
[SourceDate "2021.07.30"]
[SourceVersion "1"]
[SourceVersionDate "2021.07.30"]
[SourceQuality "1"]

1. d4 Nf6 2. c4 e6 3. Nf3 d5 4. Nc3 Bb4 5. cxd5 exd5 6. Qc2 O-O 7. Bg5 Nbd7 8.
e3 c5 9. Bd3 Qa5 10. O-O c4 11. Bf5 Re8 12. Nd2 g6 13. Bxd7 Nxd7 14. e4 Bxc3
15. Qxc3 Qxc3 16. bxc3 Nb6 17. exd5 Nxd5 18. Nxc4 Nxc3 19. Rfe1 Rxe1+ 20. Rxe1
Be6 21. Nd6 b6 22. a3 Kg7 23. f3 h6 24. Bh4 Nd5 25. Kf2 g5 26. Bg3 Rd8 27. Nb5
Rd7 28. Rc1 Kg6 29. Rc6 Ne7 30. Rc7 Nf5 31. Be5 a6 32. Rxd7 Bxd7 33. Nc3 f6 34.
Bc7 b5 35. Bb6 Nd6 36. Bc5 Nc4 37. Nd5 Kf7 38. Nb6 Nxb6 39. Bxb6 Ke6 40. Ke3
Bc6 41. Bd8 f5 42. g3 Bd5 43. h4 f4+ 44. gxf4 gxh4 45. Bxh4 Kf5 46. Be1 h5 47.
Bh4 Ba2 48. Bd8 Ke6 49. Kd3 Bd5 50. Ke3 Kf5 51. Bh4 Bf7 52. Bd8 Ke6 53. Kd3
Bg6+ 54. Kc3 Kd5 55. a4 bxa4 56. Kb2 a5 57. Ka1 Kc4 58. f5 Bxf5 59. d5 Kxd5 60.
Bh4 Kc4 61. Bd8 1/2-1/2

[Event "GBR-ch80"]
[Site "Dundee"]
[Date "1993.08.13"]
[Round "11"]
[White "Dhar Barua, Saheli"]
[Black "Gokhale, Anupama"]
[Result "1-0"]
[WhiteElo "2050"]
[BlackElo "2200"]
[PlyCount "49"]
[EventDate "1993.08.02"]
[EventType "swiss"]
[EventRounds "11"]
[EventCountry "GBR"]
[SourceTitle "BritBase"]
[Source "britbase.info"]
[SourceDate "2021.07.30"]
[SourceVersion "1"]
[SourceVersionDate "2021.07.30"]
[SourceQuality "1"]

1. e4 e6 2. d4 d5 3. Nd2 a6 4. Ngf3 c5 5. exd5 exd5 6. Be2 Nf6 7. O-O cxd4 8.
Nxd4 Bd6 9. N2f3 O-O 10. Bg5 Nc6 11. c3 Bc7 12. Bh4 Re8 13. Bd3 Ne5 14. Nxe5
Bxe5 15. Qc2 h6 16. Nf3 Bd6 17. Rfe1 Be6 18. Rad1 Rc8 19. Bf5 Qd7 20. Nd4 g5
21. Bg3 Bxg3 22. hxg3 Kg7 23. Re5 Ng8 24. Rxd5 Qc7 25. Nxe6+ 1-0

[Event "GBR-ch80"]
[Site "Dundee"]
[Date "1993.08.13"]
[Round "11"]
[White "Emms, John M"]
[Black "Martin, Andrew D"]
[Result "1-0"]
[WhiteElo "2455"]
[BlackElo "2425"]
[PlyCount "77"]
[EventDate "1993.08.02"]
[EventType "swiss"]
[EventRounds "11"]
[EventCountry "GBR"]
[SourceTitle "BritBase"]
[Source "britbase.info"]
[SourceDate "2021.07.30"]
[SourceVersion "1"]
[SourceVersionDate "2021.07.30"]
[SourceQuality "1"]

1. e4 c5 2. Nf3 d6 3. d4 cxd4 4. Nxd4 Nf6 5. Nc3 a6 6. Bc4 e6 7. Bb3 Nbd7 8. f4
Nc5 9. O-O Be7 10. e5 Nfe4 11. Nxe4 Nxe4 12. c3 Qc7 13. Qf3 Nc5 14. Bc2 g6 15.
Bd2 O-O 16. Rae1 b5 17. Qh3 f5 18. exf6 Bxf6 19. Qg3 b4 20. Qe3 bxc3 21. Bxc3
a5 22. Nb3 Bxc3 23. Qxc3 Na6 24. Qxc7 Nxc7 25. Nd4 Ba6 26. Rf3 Bc4 27. Rc3 d5
28. g3 Ra6 29. Ba4 Rb8 30. b3 Nb5 31. Rxc4 dxc4 32. Nxb5 cxb3 33. axb3 Rc8 34.
Re2 Rb6 35. Kf2 Rc5 36. Nd4 Kf7 37. Bd7 Rd6 38. Nxe6 Rcd5 39. Ng5+ 1-0

[Event "GBR-ch80"]
[Site "Dundee"]
[Date "1993.08.13"]
[Round "11"]
[White "Ferguson, Mark"]
[Black "Webster, Andrew"]
[Result "1/2-1/2"]
[WhiteElo "2195"]
[BlackElo "2410"]
[PlyCount "47"]
[EventDate "1993.08.02"]
[EventType "swiss"]
[EventRounds "11"]
[EventCountry "GBR"]
[SourceTitle "BritBase"]
[Source "britbase.info"]
[SourceDate "2021.07.30"]
[SourceVersion "1"]
[SourceVersionDate "2021.07.30"]
[SourceQuality "1"]

1. e4 g6 2. d4 c6 3. Nc3 Bg7 4. Bc4 d6 5. Qf3 e6 6. Nge2 Qe7 7. O-O Nd7 8. Bb3
Ngf6 9. Bg5 e5 10. Rad1 O-O 11. Qe3 Re8 12. f4 exd4 13. Qxd4 Nxe4 14. Bxe7
Bxd4+ 15. Rxd4 Nxc3 16. Nxc3 Rxe7 17. Rxd6 Nc5 18. Rd8+ Kg7 19. f5 gxf5 20. Rf3
f4 21. Rxf4 b6 22. Rf3 Bb7 23. Rg3+ Kf6 24. Rf3+ 1/2-1/2

[Event "GBR-ch80"]
[Site "Dundee"]
[Date "1993.08.13"]
[Round "11"]
[White "Hennigan, Michael"]
[Black "Hebden, Mark"]
[Result "1-0"]
[WhiteElo "2415"]
[BlackElo "2560"]
[PlyCount "91"]
[EventDate "1993.08.02"]
[EventType "swiss"]
[EventRounds "11"]
[EventCountry "GBR"]
[SourceTitle "BritBase"]
[Source "britbase.info"]
[SourceDate "2021.07.30"]
[SourceVersion "1"]
[SourceVersionDate "2021.07.30"]
[SourceQuality "1"]

1. e4 e5 2. Nf3 Nc6 3. Nc3 Nf6 4. Bb5 Nd4 5. Ba4 c6 6. Nxe5 d5 7. d3 Bd6 8. f4
O-O 9. O-O Bc5 10. Kh1 b5 11. Bb3 a5 12. a3 Nxb3 13. cxb3 dxe4 14. dxe4 Qxd1
15. Rxd1 Be6 16. Re1 Rfc8 17. Be3 Bf8 18. Nd3 c5 19. e5 Ng4 20. Bg1 Bxb3 21.
Ne4 c4 22. Ndc5 a4 23. h3 Nh6 24. g4 Rd8 25. Kg2 Rd5 26. Nxb3 axb3 27. Rad1
Rad8 28. Rxd5 Rxd5 29. Nc3 Rd2+ 30. Re2 Rc2 31. Rxc2 bxc2 32. Be3 b4 33. axb4
Bxb4 34. Nd5 Bc5 35. Bc1 Kf8 36. Kf3 Ke8 37. Ne3 f6 38. exf6 gxf6 39. Nxc4 Kd7
40. Ne3 Kc6 41. Nxc2 Kd5 42. b3 Nf7 43. Bb2 Ke6 44. f5+ Ke7 45. h4 Nd6 46. Ne3
1-0

[Event "GBR-ch80"]
[Site "Dundee"]
[Date "1993.08.13"]
[Round "11"]
[White "Knox, Victor W"]
[Black "Wall, Timothy"]
[Result "1/2-1/2"]
[WhiteElo "2315"]
[BlackElo "2230"]
[PlyCount "94"]
[EventDate "1993.08.02"]
[EventType "swiss"]
[EventRounds "11"]
[EventCountry "GBR"]
[SourceTitle "BritBase"]
[Source "britbase.info"]
[SourceDate "2021.07.30"]
[SourceVersion "1"]
[SourceVersionDate "2021.07.30"]
[SourceQuality "1"]

1. e4 d5 2. exd5 Qxd5 3. Nc3 Qa5 4. Bc4 Nf6 5. d3 c6 6. Nge2 Bf5 7. Ng3 Bg6 8.
O-O e6 9. Qe2 Nbd7 10. Bd2 Qc7 11. a4 Bd6 12. f4 O-O-O 13. Nge4 Nxe4 14. Nxe4
Bxe4 15. dxe4 g5 16. fxg5 Bxh2+ 17. Kh1 Ne5 18. Bd3 Ng6 19. Qf2 h6 20. gxh6 Rh7
21. Qxa7 Bf4 22. Ba5 Rxh6+ 23. Kg1 Bh2+ 24. Kf2 Qg3+ 25. Ke2 Qxg2+ 26. Qf2 Nf4+
27. Kd2 Rxd3+ 28. cxd3 Qg5 29. Bc3 Bg3 30. Qe3 Rh2+ 31. Kd1 Qg4+ 32. Qf3 Qxf3+
33. Rxf3 Rh1+ 34. Kc2 Rxa1 35. Rxg3 Rxa4 36. Rg8+ Kd7 37. Rf8 Ke7 38. Rb8 b5
39. Rb7+ Kf8 40. Bf6 Kg8 41. Rb6 Kh7 42. Rxc6 Ra1 43. Rb6 Rf1 44. Be5 Rf2+ 45.
Kc3 Ne2+ 46. Kd2 Ng1+ 47. Ke3 Rf3+ 1/2-1/2

[Event "GBR-ch80"]
[Site "Dundee"]
[Date "1993.08.13"]
[Round "11"]
[White "Levitt, Jonathan"]
[Black "Cooper, Lawrence"]
[Result "1/2-1/2"]
[WhiteElo "2455"]
[BlackElo "2310"]
[PlyCount "63"]
[EventDate "1993.08.02"]
[EventType "swiss"]
[EventRounds "11"]
[EventCountry "GBR"]
[SourceTitle "BritBase"]
[Source "britbase.info"]
[SourceDate "2021.07.30"]
[SourceVersion "1"]
[SourceVersionDate "2021.07.30"]
[SourceQuality "1"]

1. d4 Nf6 2. c4 e6 3. Nc3 Bb4 4. e3 b6 5. Nge2 Ne4 6. f3 Nxc3 7. bxc3 Be7 8.
Ng3 f5 9. Bd3 O-O 10. O-O Nc6 11. f4 Ba6 12. Qe2 Na5 13. e4 g6 14. Bd2 d6 15.
Rf3 Qd7 16. Kh1 fxe4 17. Nxe4 Bxc4 18. Bxc4 Nxc4 19. Qxc4 d5 20. Qe2 dxe4 21.
Qxe4 c5 22. Rd3 Qd5 23. Qxd5 exd5 24. dxc5 Bxc5 25. Rxd5 Rad8 26. Rxd8 Rxd8 27.
Be1 Rf8 28. Bg3 Rd8 29. Bh4 Rd3 30. Bf6 Kf7 31. Be5 Ba3 32. Rb1 1/2-1/2

[Event "GBR-ch80"]
[Site "Dundee"]
[Date "1993.08.13"]
[Round "11"]
[White "Lyell, Mark"]
[Black "O'Shaughnessy, Conor"]
[Result "1/2-1/2"]
[WhiteElo "2235"]
[BlackElo "2340"]
[PlyCount "58"]
[EventDate "1993.08.02"]
[EventType "swiss"]
[EventRounds "11"]
[EventCountry "GBR"]
[SourceTitle "BritBase"]
[Source "britbase.info"]
[SourceDate "2021.07.30"]
[SourceVersion "1"]
[SourceVersionDate "2021.07.30"]
[SourceQuality "1"]

1. e4 c5 2. c3 Nf6 3. e5 Nd5 4. d4 cxd4 5. Nf3 e6 6. cxd4 b6 7. Nc3 Nxc3 8.
bxc3 Qc7 9. Bd2 Bb7 10. Bd3 d6 11. O-O Nd7 12. Re1 dxe5 13. Nxe5 Bd6 14. f4
Bxe5 15. fxe5 O-O-O 16. a4 f6 17. exf6 gxf6 18. Rxe6 Nc5 19. Bf5 Nxe6 20. Bxe6+
Kb8 21. Qg4 Qc6 22. c4 Rhe8 23. Qf4+ Ka8 24. d5 Qd6 25. Qxd6 Rxd6 26. Re1 Bc8
27. Bf4 Rdxe6 28. dxe6 Rxe6 29. Rxe6 Bxe6 1/2-1/2

[Event "GBR-ch80"]
[Site "Dundee"]
[Date "1993.08.13"]
[Round "11"]
[White "McDonald, Neil R"]
[Black "Koshy, Varugeese"]
[Result "1/2-1/2"]
[WhiteElo "2395"]
[BlackElo "2415"]
[PlyCount "131"]
[EventDate "1993.08.02"]
[EventType "swiss"]
[EventRounds "11"]
[EventCountry "GBR"]
[SourceTitle "BritBase"]
[Source "britbase.info"]
[SourceDate "2021.07.30"]
[SourceVersion "1"]
[SourceVersionDate "2021.07.30"]
[SourceQuality "1"]

1. e4 g6 2. d4 Bg7 3. Nc3 d6 4. f4 c6 5. Nf3 Qb6 6. e5 Bg4 7. Be2 Nh6 8. Ng5
Bxe2 9. Nxe2 c5 10. exd6 cxd4 11. dxe7 Nc6 12. a3 Nf5 13. Qd3 Nfxe7 14. O-O h6
15. Nf3 O-O 16. Ng3 Qc5 17. Bd2 b5 18. Rae1 Qc4 19. f5 Qxd3 20. cxd3 gxf5 21.
Nh4 Ne5 22. Bb4 Rfe8 23. Bxe7 Rxe7 24. Nhxf5 Ree8 25. Nxg7 Kxg7 26. Nf5+ Kg6
27. Nd6 Red8 28. Rxe5 Rxd6 29. Rxb5 a6 30. Rb4 Rc8 31. Rf4 Rc1+ 32. Kf2 Rc2+
33. Kf3 a5 34. Rbxd4 Rxd4 35. Rxd4 Rxb2 36. a4 Ra2 37. h3 h5 38. g3 Rh2 39. h4
Ra2 40. Rc4 f6 41. g4 hxg4+ 42. Kxg4 Rd2 43. h5+ Kh6 44. Rd4 Rg2+ 45. Kf5 Rf2+
46. Rf4 Rd2 47. d4 Kg7 48. Ke6 Re2+ 49. Kd7 Rh2 50. d5 Rxh5 51. Rd4 Kf7 52. Kc7
Ke8 53. Re4+ Kf7 54. Kc6 Rh1 55. Rc4 f5 56. d6 Rd1 57. Rc2 f4 58. Kc7 f3 59.
Rf2 Ke6 60. Rxf3 Rc1+ 61. Kb6 Rb1+ 62. Kxa5 Kxd6 63. Rc3 Rb8 64. Rc4 Kd5 65.
Rc7 Kd6 66. Rc2 1/2-1/2

[Event "GBR-ch80"]
[Site "Dundee"]
[Date "1993.08.13"]
[Round "11"]
[White "Norman, Kenneth I"]
[Black "Muir, Andrew J"]
[Result "1/2-1/2"]
[WhiteElo "2220"]
[BlackElo "2360"]
[PlyCount "45"]
[EventDate "1993.08.02"]
[EventType "swiss"]
[EventRounds "11"]
[EventCountry "GBR"]
[SourceTitle "BritBase"]
[Source "britbase.info"]
[SourceDate "2021.07.30"]
[SourceVersion "1"]
[SourceVersionDate "2021.07.30"]
[SourceQuality "1"]

1. Nf3 Nf6 2. c4 e6 3. g3 d5 4. Bg2 Be7 5. O-O O-O 6. d4 dxc4 7. Qc2 a6 8. Qxc4
b5 9. Qc2 Bb7 10. Bd2 Be4 11. Qc1 b4 12. a3 Nc6 13. axb4 Bxf3 14. exf3 Nxd4 15.
Qd1 Nd5 16. f4 Rb8 17. Rxa6 Nxb4 18. Ra4 c5 19. Bc3 Qd7 20. Na3 Rfd8 21. Ra5
Nbc6 22. Ra6 Nb4 23. Ra5 1/2-1/2

[Event "GBR-ch80"]
[Site "Dundee"]
[Date "1993.08.13"]
[Round "11"]
[White "Parker, Jonathan"]
[Black "Gokhale, Jayant Suresh"]
[Result "1/2-1/2"]
[WhiteElo "2370"]
[BlackElo "2330"]
[PlyCount "74"]
[EventDate "1993.08.02"]
[EventType "swiss"]
[EventRounds "11"]
[EventCountry "GBR"]
[SourceTitle "BritBase"]
[Source "britbase.info"]
[SourceDate "2021.07.30"]
[SourceVersion "1"]
[SourceVersionDate "2021.07.30"]
[SourceQuality "1"]

1. d4 Nf6 2. c4 c5 3. d5 b5 4. Nf3 g6 5. Nbd2 Bg7 6. e4 d6 7. Bd3 O-O 8. O-O
bxc4 9. Nxc4 Ba6 10. Qc2 Nbd7 11. Bg5 Rb8 12. Rad1 h6 13. Bc1 Nb6 14. Nxb6 Bxd3
15. Rxd3 Rxb6 16. Nd2 Nd7 17. f4 Rb8 18. Kh1 Kh7 19. Rh3 Qc7 20. Nf3 Kg8 21. e5
dxe5 22. f5 e4 23. Qxe4 Nf6 24. Qe2 g5 25. Nxg5 hxg5 26. Bxg5 Rfd8 27. Bf4 Qd7
28. Bxb8 Rxb8 29. Re1 Rb4 30. Rb3 Rxb3 31. axb3 Nxd5 32. Qe4 Bxb2 33. Rd1 Bd4
34. Rd3 Nf6 35. Qa8+ Ne8 36. Qe4 Nf6 37. Qa8+ Ne8 1/2-1/2

[Event "GBR-ch80"]
[Site "Dundee"]
[Date "1993.08.13"]
[Round "11"]
[White "Rossiter, Philip J"]
[Black "Ledger, David"]
[Result "0-1"]
[WhiteElo "2330"]
[BlackElo "2295"]
[PlyCount "118"]
[EventDate "1993.08.02"]
[EventType "swiss"]
[EventRounds "11"]
[EventCountry "GBR"]
[SourceTitle "BritBase"]
[Source "britbase.info"]
[SourceDate "2021.07.30"]
[SourceVersion "1"]
[SourceVersionDate "2021.07.30"]
[SourceQuality "1"]

1. d4 Nf6 2. c4 g6 3. Nc3 Bg7 4. e4 d6 5. Nf3 O-O 6. Be2 e5 7. d5 a5 8. Bg5 h6
9. Bh4 Na6 10. Nd2 Qe8 11. Rb1 Bd7 12. b3 Nh7 13. f3 h5 14. a3 Bh6 15. Bf2 Qe7
16. h4 Nc5 17. Qc2 f5 18. b4 axb4 19. axb4 Na4 20. Nd1 Nf6 21. Ne3 fxe4 22.
fxe4 Nb6 23. Qb3 Ng4 24. Bxg4 hxg4 25. g3 Rf6 26. O-O Raf8 27. Kg2 Bf4 28. c5
Nc8 29. c6 Bxe3 30. Bxe3 Rxf1 31. Rxf1 bxc6 32. Rc1 Qf7 33. Rf1 Qe8 34. Rxf8+
Kxf8 35. Bh6+ Kg8 36. dxc6+ Be6 37. Qa4 Nb6 38. Qc2 Qf7 39. Be3 Nc4 40. Nxc4
Bxc4 41. Qd1 Qe6 42. Qa4 Qf7 43. Qd1 Qe6 44. Qa4 Bd3 45. Qa8+ Kg7 46. Bh6+ Kh7
47. Qf8 Bxe4+ 48. Kg1 Qg8 49. Qxg8+ Kxg8 50. Bg5 Bxc6 51. Bd8 Kf7 52. Bxc7 Ke6
53. Kf2 d5 54. Ke3 d4+ 55. Kd3 Kd5 56. Kc2 e4 57. Bf4 e3 58. Kb3 Bb5 59. Kc2
Ke4 0-1

[Event "GBR-ch80"]
[Site "Dundee"]
[Date "1993.08.13"]
[Round "11"]
[White "Rowson, Jonathan"]
[Black "Gillen, Adrian"]
[Result "1-0"]
[WhiteElo "2325"]
[BlackElo "2235"]
[PlyCount "35"]
[EventDate "1993.08.02"]
[EventType "swiss"]
[EventRounds "11"]
[EventCountry "GBR"]
[SourceTitle "BritBase"]
[Source "britbase.info"]
[SourceDate "2021.07.30"]
[SourceVersion "1"]
[SourceVersionDate "2021.07.30"]
[SourceQuality "1"]

1. e4 c5 2. Nf3 Nc6 3. d4 cxd4 4. Nxd4 e6 5. Nxc6 bxc6 6. Bd3 d5 7. O-O Bd6 8.
Nd2 Ne7 9. Qh5 Ng6 10. Nf3 Bd7 11. Re1 Kf8 12. exd5 cxd5 13. c4 dxc4 14. Bxg6
fxg6 15. Qg4 Rc8 16. Bg5 Qb6 17. Rad1 Re8 18. Bf4 1-0

[Event "GBR-ch80"]
[Site "Dundee"]
[Date "1993.08.13"]
[Round "11"]
[White "Summerscale, Aaron"]
[Black "McNab, Colin Anderson"]
[Result "1/2-1/2"]
[WhiteElo "2355"]
[BlackElo "2490"]
[PlyCount "25"]
[EventDate "1993.08.02"]
[EventType "swiss"]
[EventRounds "11"]
[EventCountry "GBR"]
[SourceTitle "BritBase"]
[Source "britbase.info"]
[SourceDate "2021.07.30"]
[SourceVersion "1"]
[SourceVersionDate "2021.07.30"]
[SourceQuality "1"]

1. e4 g6 2. d4 d6 3. Nf3 Nf6 4. Bd3 Bg7 5. O-O O-O 6. c3 Nc6 7. Nbd2 e5 8. dxe5
Nxe5 9. Nxe5 dxe5 10. Bc4 Ne8 11. Re1 Nd6 12. Bb3 Bh6 13. Nc4 1/2-1/2

[Event "GBR-ch80"]
[Site "Dundee"]
[Date "1993.08.13"]
[Round "11"]
[White "Walker, David"]
[Black "Cobb, James"]
[Result "1-0"]
[WhiteElo "2305"]
[BlackElo "2280"]
[PlyCount "119"]
[EventDate "1993.08.02"]
[EventType "swiss"]
[EventRounds "11"]
[EventCountry "GBR"]
[SourceTitle "BritBase"]
[Source "britbase.info"]
[SourceDate "2021.07.30"]
[SourceVersion "1"]
[SourceVersionDate "2021.07.30"]
[SourceQuality "1"]

1. d4 Nf6 2. c4 g6 3. Nc3 Bg7 4. e4 d6 5. Nf3 O-O 6. Be2 Nbd7 7. O-O e5 8. Be3
Ng4 9. Bg5 f6 10. Bh4 c6 11. Bg3 Qe7 12. c5 dxc5 13. d5 Nb6 14. d6 Qe8 15. Nd2
Nh6 16. Nb3 Nd7 17. Bc4+ Nf7 18. a4 Nb6 19. Bxf7+ Qxf7 20. f4 Nc4 21. Qe2 Bg4
22. Qf2 Nxd6 23. Nxc5 Rad8 24. fxe5 fxe5 25. Qxf7+ Rxf7 26. Rxf7 Kxf7 27. Rf1+
Kg8 28. Bh4 Re8 29. h3 Bc8 30. Rd1 Bf8 31. Bg3 Nf5 32. Bf2 Nd4 33. Nd3 c5 34.
Nd5 Kg7 35. Bh4 Bd6 36. Bf6+ Kg8 37. Bg5 Rf8 38. Be7 Bxe7 39. Nxe7+ Kf7 40.
Nxc8 Rxc8 41. Nxe5+ Ke6 42. Nf3 Nxf3+ 43. gxf3 c4 44. Kf2 c3 45. bxc3 Rxc3 46.
Rb1 b6 47. a5 bxa5 48. Rb7 h5 49. Rxa7 Ra3 50. Ra6+ Kf7 51. h4 Kg7 52. Kg3 Kf7
53. Kf4 Kg7 54. e5 Ra1 55. Ra7+ Kh6 56. Ke4 a4 57. e6 a3 58. Ke5 a2 59. e7 g5
60. Kf6 1-0

[Event "GBR-ch80"]
[Site "Dundee"]
[Date "1993.08.13"]
[Round "11"]
[White "Ward, Christopher G"]
[Black "Hodgson, Julian M"]
[Result "1/2-1/2"]
[WhiteElo "2460"]
[BlackElo "2625"]
[PlyCount "49"]
[EventDate "1993.08.02"]
[EventType "swiss"]
[EventRounds "11"]
[EventCountry "GBR"]
[SourceTitle "BritBase"]
[Source "britbase.info"]
[SourceDate "2021.07.30"]
[SourceVersion "1"]
[SourceVersionDate "2021.07.30"]
[SourceQuality "1"]

1. d4 d6 2. e4 Nf6 3. f3 d5 4. Nc3 dxe4 5. Bg5 exf3 6. Nxf3 e6 7. Bd3 Be7 8.
O-O Nc6 9. Kh1 Nb4 10. Ne5 O-O 11. Bxf6 Bxf6 12. Bxh7+ Kxh7 13. Qh5+ Kg8 14.
Ne4 g6 15. Nxg6 fxg6 16. Qxg6+ Bg7 17. Ng5 Rf6 18. Qh7+ Kf8 19. Qg6 Kg8 20.
Qh7+ Kf8 21. Qg6 Kg8 22. Qh7+ Kf8 23. Qg6 Kg8 24. Qh7+ Kf8 25. Qg6 1/2-1/2

[Event "GBR-ch80 playoff"]
[Site "London"]
[Date "1993.09.08"]
[Round "1"]
[White "Kumaran, Dharshan"]
[Black "Hennigan, Michael"]
[Result "0-1"]
[WhiteElo "2425"]
[BlackElo "2415"]
[PlyCount "82"]
[EventDate "1993.09.08"]
[EventType "match"]
[EventRounds "4"]
[EventCountry "GBR"]
[SourceTitle "BritBase"]
[Source "britbase.info"]
[SourceDate "2021.07.30"]
[SourceVersion "1"]
[SourceVersionDate "2021.07.30"]
[SourceQuality "1"]

1. d4 Nf6 2. c4 g6 3. Nc3 Bg7 4. e4 d6 5. Nf3 O-O 6. Be2 e5 7. d5 a5 8. Be3 Ng4
9. Bg5 f6 10. Bh4 h5 11. Nd2 Na6 12. a3 Bd7 13. O-O Qe8 14. b3 g5 15. Bg3 f5
16. exf5 Bxf5 17. Nde4 Qg6 18. Bf3 Nc5 19. Re1 Nxe4 20. Bxe4 Nf6 21. f3 Nxe4
22. Nxe4 g4 23. Kh1 Bh6 24. Qe2 Rf7 25. Rf1 Raf8 26. Rf2 Kh8 27. Re1 gxf3 28.
gxf3 Bh3 29. Bh4 Rg7 30. c5 Rf4 31. Bg3 Rf8 32. cxd6 cxd6 33. Nxd6 Qxd6 34.
Bxe5 Qxd5 35. Rg1 Bg4 36. Rg3 Kh7 37. Bxg7 Bxg7 38. h3 Be5 39. Rgg2 Bxh3 40.
Qc2+ Kh8 41. Kg1 Bd4 0-1

[Event "GBR-ch80 playoff"]
[Site "London"]
[Date "1993.09.??"]
[Round "2"]
[White "Hennigan, Michael"]
[Black "Kumaran, Dharshan"]
[Result "0-1"]
[WhiteElo "2415"]
[BlackElo "2425"]
[PlyCount "84"]
[EventDate "1993.09.08"]
[EventType "match"]
[EventRounds "4"]
[EventCountry "GBR"]
[SourceTitle "BritBase"]
[Source "britbase.info"]
[SourceDate "2021.07.30"]
[SourceVersion "1"]
[SourceVersionDate "2021.07.30"]
[SourceQuality "1"]

1. e4 c6 2. d4 d5 3. e5 c5 4. dxc5 Nc6 5. Bf4 e6 6. c3 Bxc5 7. Nf3 Nge7 8. Bd3
Ng6 9. Bxg6 hxg6 10. O-O a5 11. a4 Bd7 12. Na3 Na7 13. Nd4 Qb6 14. b3 Rc8 15.
Nb1 O-O 16. Nf3 Nc6 17. Nbd2 Be7 18. Qe2 Qd8 19. h3 g5 20. Bg3 Na7 21. c4 Nc6
22. cxd5 exd5 23. Rfd1 Bc5 24. Nf1 d4 25. N1d2 g4 26. hxg4 Bxg4 27. Qe4 Qd7 28.
Nc4 Rfe8 29. Qf4 Bf5 30. Ng5 d3 31. Ne4 Nd4 32. Kf1 Ne2 33. Qf3 Bxe4 34. Qxe4
Nxg3+ 35. fxg3 Rcd8 36. Ra2 f5 37. Qf4 Qe6 38. Rad2 Rd4 39. Qf3 Qh6 40. Rxd3
Re4 41. Ne3 Bxe3 42. Qxf5 Qh1+ 0-1

[Event "GBR-ch80 playoff"]
[Site "London"]
[Date "1993.09.??"]
[Round "3"]
[White "Kumaran, Dharshan"]
[Black "Hennigan, Michael"]
[Result "0-1"]
[WhiteElo "2425"]
[BlackElo "2415"]
[PlyCount "104"]
[EventDate "1993.09.08"]
[EventType "match"]
[EventRounds "4"]
[EventCountry "GBR"]
[SourceTitle "BritBase"]
[Source "britbase.info"]
[SourceDate "2021.07.30"]
[SourceVersion "1"]
[SourceVersionDate "2021.07.30"]
[SourceQuality "1"]

1. d4 Nf6 2. c4 g6 3. Nc3 Bg7 4. e4 d6 5. Be2 O-O 6. Be3 e5 7. d5 a5 8. g4 Na6
9. h4 Nc5 10. f3 h5 11. g5 Nh7 12. Qd2 f6 13. O-O-O fxg5 14. hxg5 Rf7 15. Kb1
Bd7 16. Nh3 b6 17. Nf2 Qe7 18. Nb5 Rc8 19. Rhg1 Qf8 20. Rdf1 Rf4 21. Nc3 Qf7
22. Nd3 Nxd3 23. Qxd3 Rf8 24. Rf2 Qe7 25. Rfg2 h4 26. Nd1 h3 27. Rg3 Rh4 28.
Nf2 Rff4 29. Qd2 Rh5 30. Nd3 Rfh4 31. Rh1 Bh8 32. Rh2 Qg7 33. a3 a4 34. Bd1 Qf7
35. Rg1 Qe7 36. Ka2 Nf8 37. Be2 Qf7 38. Rg3 c5 39. Rg1 Rh7 40. Bf2 R4h5 41. f4
exf4 42. Bxh5 Rxh5 43. Nxf4 Rh7 44. Be3 Qe8 45. Qc2 Re7 46. Rf1 b5 47. cxb5
Rxe4 48. Bc1 Bf5 49. Nxh3 Qxb5 50. Rhf2 Re2 51. Rxf5 Rxc2 52. Rxf8+ Kh7 0-1

[Event "GBR-ch80 playoff"]
[Site "London"]
[Date "1993.09.13"]
[Round "4"]
[White "Hennigan, Michael"]
[Black "Kumaran, Dharshan"]
[Result "1/2-1/2"]
[WhiteElo "2415"]
[BlackElo "2425"]
[PlyCount "35"]
[EventDate "1993.09.08"]
[EventType "match"]
[EventRounds "4"]
[EventCountry "GBR"]
[SourceTitle "BritBase"]
[Source "britbase.info"]
[SourceDate "2021.07.30"]
[SourceVersion "1"]
[SourceVersionDate "2021.07.30"]
[SourceQuality "1"]

1. e4 c5 2. Nf3 e6 3. d4 cxd4 4. Nxd4 Nc6 5. g3 a6 6. Bg2 Nge7 7. Nb3 Ng6 8.
O-O Be7 9. a4 b6 10. Be3 O-O 11. f4 Bb7 12. Nc3 d6 13. Qe2 Rb8 14. h4 Re8 15.
Rad1 Nf8 16. h5 h6 17. Nd4 Na5 18. b4 1/2-1/2